| 000 | 00766cam a2200253 4500 | ||
|---|---|---|---|
| 001 | L124347 | ||
| 008 | 031117n2003 000 0 eng u | ||
| 020 | _a0851424759 | ||
| 035 | _a(Sirsi) u124347 | ||
| 041 | _aeng | ||
| 050 | 0 | 4 | _a025.11 $2 18 |
| 100 | 1 | _aWebb, Sylvia P. | |
| 245 | 0 | 0 | _aFee-based services in library information centres |
| 250 | _a2nd ed. | ||
| 260 |
_aLondon _bEuropa _c2003 |
||
| 300 |
_avii, 130p. _c20cm |
||
| 350 | _a15.99 | ||
| 490 | 0 | _aAslib Know How Guide | |
| 520 | _aSupersedes first edition entitled "Making a charge for library and information services" (ISBN 0851423396) | ||
| 651 | 4 |
_aUnited Kingdom _y |
|
| 690 | _aMANAGEMENT-BUSINESS MANAGEMENT-INFORMATION MANAGEMENT | ||
| 700 | 1 | _aWinterton, Jules | |
| 942 | _n0 | ||
| 999 |
_c103211 _d103211 |
||